Top 20 Countries and Territories by Cellphones per Capita - Statistics

General Stats
  • This quiz has been taken 6 times
  • The average score is 7 of 14
Answer Stats
Hint Per capita Answer % Correct
16th 1.59 Singapore
100%
4th 1.95 Antigua and Barbuda
80%
13th 1.69 Japan
80%
20th 1.54 Seychelles
80%
7th 1.77 United Arab Emirates
80%
15th 1.65 Mauritius
60%
11th 1.7 Russia
60%
6th 1.81 El Salvador
40%
3rd 2.01 Montenegro
40%
9th 1.77 Thailand
40%
17th 1.58 Iran
20%
12th 1.7 Botswana
0%
5th 1.87 Libya
0%
19th 1.55 South Africa
0%
No matching quizzes found
Score Distribution
Percent of People with Each Score
Percentile by Number Answered
Your Score History
You have not taken this quiz